000 00777nam a22002297a 4500
999 _c13125
_d13125
003 AR-CdUCM
008 190411b ||||| |||| 00| 0 spa d
040 _aMUNICIPALIDAD PROVINCIAL DEL CUSCO
_cBIBLIOTECA MUNICIPAL DEL CUSCO
082 _aC / 498.50 /
_bV78
100 _aVizcarra Fano, Carmen Gloria
_931336
245 _aMétodo fácil de aprender quechua /
260 _aCusco :
_c1969.
300 _a48 páginas ;
_bIlustraciones,
_c20 cm.
500 _aDonación familia Nieto
505 _aContenido: Manual didáctico para aprender quechua.
650 _aManual didáctico
_931337
650 _aQuechua
_92063
650 _aAprender quechua
_931338
710 _aAcademia peruana de la lengua Quechua
_931339
942 _2ddc
_cLIBROS
945 _adavv
_d11/04/2019